000
00216 a2200097 4500
001
32604
100
_a
Habib, M
245
_a
Hazrat Amir Khusrau
260
_a
Lahore
_b
Islamic Book Service
_c
090
_c
21818
_d
21818
942
_a
NUST-CAE
_c
M
_c
13134
999
_c
267677
_d
267677